| 000 | 00762nam a2200265Ia 4500 | ||
|---|---|---|---|
| 003 | OSt | ||
| 005 | 20220927105406.0 | ||
| 006 | a|||||r|||| 00| 0 | ||
| 007 | ta | ||
| 008 | 220926b |||||||| |||| 00| 0 eng d | ||
| 020 | _a1853836176 | ||
| 024 | _a148976 | ||
| 037 | _cReference Collections | ||
| 040 |
_aRTL _cRTL _beng |
||
| 041 |
_2eng _aeng |
||
| 082 | _a"Y9(W6):(G:55), P6" | ||
| 100 |
_aMason Michael _9372158 |
||
| 245 | 0 | _aEnvironmental democracy | |
| 260 |
_aLondon _bEarthscan Publishers Ltd _c2006 |
||
| 300 |
_a"vi, 266p" _ccm. |
||
| 500 | _aBibliography P 244-261 | ||
| 650 |
_aSociology Environmental Democracy _9372159 |
||
| 942 |
_h"Y9(W6):(G:55), P6" _cCC |
||
| 999 |
_c692294 _d692294 |
||